000 00590nam a2200169 4500
999 _c6134
_d6134
008 150922b xxu||||| |||| 00| 0 eng d
020 _a9781259135330
050 _aQP 514.D46 2014
100 _aDenniston, Katherine.
245 _aPhysiological chemistry
_cKatherine Denniston,Joseph Topping,Kim Woodrum and Robert Caret
260 _aNew York,
_bMcGrawHill education,
_c2014.
300 _axxii, 819p:
_bill.
_c27cm.
504 _ainclude Index
650 _2Biochemistry
700 _aTopping,Joseph.
700 _a Woodrum, Kim.
700 _a Caret, Robert.
942 _2lcc
_cBOOKS
_hQP 514.D46 2014
_02